书目信息 |
| 题名: |
商业审计实务
|
|
| 作者: | 黄志伟 , 邬毅 编著 | |
| 分册: | ||
| 出版信息: | 北京 中国商业出版社 1986 |
|
| 页数: | 266页 | |
| 开本: | 19cm | |
| 丛书名: | ||
| 单 册: | ||
| 中图分类: | F239.64 | |
| 科图分类: | ||
| 主题词: | 商业-审计 , 审计-商业 | |
| 电子资源: | ||
| ISBN: | 4237.144 | |
| 000 | 00664nam0 2200253 450 | |
| 001 | 0186019145 | |
| 005 | 20100712221812.0 | |
| 010 | @a4237.144@dCNY1.35 | |
| 091 | @a4237.144 | |
| 100 | @a19900724d1986 em y0chiy0110 ea | |
| 101 | 0 | @achi |
| 102 | @aCN@b110000 | |
| 105 | @ay z 000yy | |
| 106 | @ar | |
| 200 | 1 | @a商业审计实务@9Shang Ye Shen Ji Shi Wu @f黄志伟,邬毅编著 |
| 210 | @a北京@c中国商业出版社@d1986 | |
| 215 | @a266页@d19cm | |
| 606 | 0 | @a商业-审计 |
| 606 | 0 | @a审计-商业 |
| 690 | @aF239.64@v3 | |
| 701 | 0 | @a黄志伟@9huang zhi wei@4编著 |
| 701 | 0 | @a邬毅@9wu yi@4编著 |
| 801 | 0 | @aCN@bAzMarc@c20130904 |
| 905 | @aBZT@dF23@e236@f1@sF23/236 | |
| 商业审计实务/黄志伟,邬毅编著.-北京:中国商业出版社,1986 |
| 266页;19cm |
| ISBN 4237.144:CNY1.35 |
| ● |
| 相关链接 |
|
|
|
正题名:商业审计实务
索取号:F23/236
 
预约/预借
| 序号 | 登录号 | 条形码 | 馆藏地/架位号 | 状态 | 备注 |
| 1 | 2000099959 | 2000099959 | 旧书回溯/ [索取号:F23/236] | 在馆 |